| 000 | 01312nam a22002537a 4500 | ||
|---|---|---|---|
| 003 | DO-SdBNP | ||
| 005 | 20211019115447.0 | ||
| 007 | ta | ||
| 008 | 201126b 2016 dr ac 00| 0 eng d | ||
| 040 |
_aDO-SdBNP _bspa _cBNPHU |
||
| 082 | 4 | _aBNPHU | |
| 111 |
_aSeminario Internacional "Los Signos de los Nuevos Tiempos y los Procesos de Integración en Centroamérica y el Caribe" _c(Santo Domingo, República Dominicana _ddel 19 al 21 de octubre de 2015 _n1o. :) _977442 |
||
| 245 | 1 | 0 |
_aSeminario Internacional "Los Signos de los Nuevos Tiempos y los Procesos de Integración en Centroamérica y el Caribe" _cpresentación Miguel Mejía. |
| 246 | 1 | 0 | _aMemorias del I Seminario Internacional "Los signos de los nuevos tiempos y los procesos actuales de integración en Centroamérica y el Caribe" |
| 246 | 1 | 0 | _aPrimer Seminario Internacional "Los signos de los nuevos tiempos y los procesos actuales de integración en Centroamérica y el Caribe" |
| 260 |
_aSanto Domingo : _bMinisterio para Políticas de Integración Regional, _c2016. |
||
| 300 |
_a214 p. : _bil., retrs. ; _c23 cm. |
||
| 490 | 1 |
_a Educar para integrar ; _v4 |
|
| 590 | _aInventariado, 2020 /LP | ||
| 700 | 1 |
_aMejía, Miguel, _epresentación _965767 |
|
| 830 | 0 |
_aEducar para integrar ; _n4 _977443 |
|
| 910 | _aLopérez | ||
| 942 |
_2ddc _cLBS1 |
||
| 999 |
_c49214 _d49214 |
||